[Event "CZE-ch U16 Girls"]
[Site "Sec u Chrudimi"]
[Date "2008.03.10"]
[Round "4"]
[White "Chura, Petra"]
[Black "Nescakova, Monika"]
[Result "0-1"]
[WhiteElo "1250"]
[BlackElo "1487"]
[PlyCount "60"]
[EventDate "2008.03.08"]
[EventType "swiss"]
[EventRounds "9"]
[EventCountry "CZE"]
[SourceTitle "EXT 2009"]
[Source "ChessBase"]
[SourceDate "2008.11.26"]
[SourceVersion "1"]
[SourceVersionDate "2008.11.26"]
[SourceQuality "1"]

1. e4 e5 2. f4 exf4 3. Nf3 Nc6 4. Bc4 Nf6 5. d3 Bc5 6. Nc3 d6 7. Na4 Bd4 8. c3 Bb6 9. Nxb6 axb6 10. Bxf4 0-0 11. 0-0 Bg4 12. Qd2 Re8 13. a3 h6 14. Rf2 Bxf3 15. Rxf3 Ne5 16. Bxe5 dxe5 17. Rg3 Nxe4 18. Bxf7+ Kxf7 19. Rf3+ Kg8 20. Qe3 Ng5 21. Rf5 Qd6 22. Re1 e4 23. dxe4 Rxe4 24. Qf2 Rxe1+ 25. Qxe1 Rf8 26. Rxf8+ Kxf8 27. Qf1+ Kg8 28. Qc4+ Qe6 29. Qh4 Qe3+ 30. Kf1 Qc1+ 0-1